Catálogo público

Determinación del nivel economico del daño causado por Alabama Argillacea al cultivo del algodonero en la zona del Soconusco, Chiapas, México / (Record no. 198617)

MARC details
000 -CABECERA
campo de control de longitud fija 00999nam a2200289Ia 4500
001 - NÚMERO DE CONTROL
campo de control Para_44
003 - IDENTIFICADOR DEL NÚMERO DE CONTROL
campo de control CHAP
008 - DATOS DE LONGITUD FIJA--INFORMACIÓN GENERAL
campo de control de longitud fija 220125s1977 xx 000 0 und d
010 ## - NÚMERO DE CONTROL DE LA BIBLIOTECA DEL CONGRESO
Número de control de LC 198617
040 ## - FUENTE DE LA CATALOGACIÓN
Centro/agencia transcriptor CHAP
090 ## - LOCALMENTE ASIGNADO TIPO-LC NÚMERO DE CLASIFICACIÓN (OCLC); NÚMERO DE CLASIFICACIÓN LOCAL (RLIN)
Número de clasificación (OCLC) (R) ; Numero de clasificación, CALL (RLIN) (NR) PA FOLLETO 47
100 ## - ENTRADA PRINCIPAL--NOMBRE DE PERSONA
Nombre de persona Flores García, Rodolfo
9 (RLIN) 41552
245 ## - MENCIÓN DE TÍTULO
Título Determinación del nivel economico del daño causado por Alabama Argillacea al cultivo del algodonero en la zona del Soconusco, Chiapas, México /
Mención de responsabilidad, etc. por Rodolfo Flores García, P. René Bodegas Valera y Martha E. de Coss F
260 ## - PUBLICACIÓN, DISTRIBUCIÓN, ETC.
Lugar de publicación, distribución, etc. Tapachula, Chis. :
Nombre del editor, distribuidor, etc. Centro de Investigaciones del Sureste
300 ## - DESCRIPCIÓN FÍSICA
Extensión 5 p.
410 ## - MENCIÓN DE SERIE/PUNTO DE ACCESO ADICIONAL--ENTIDAD CORPORATIVA [OBSOLETO, CAN/MARC], [LOCAL, USA]
Nombre de entidad corporativa o nombre de jurisdicción como elemento de entrada Boletín de información; 5
650 ## - PUNTO DE ACCESO ADICIONAL DE MATERIA--TÉRMINO DE MATERIA
Término de materia o nombre geográfico como elemento de entrada Alabama argillacea
9 (RLIN) 3298
700 ## - PUNTO DE ACCESO ADICIONAL--NOMBRE DE PERSONA
Nombre de persona I. Bodegas Valera P., René
9 (RLIN) 163898
700 ## - PUNTO DE ACCESO ADICIONAL--NOMBRE DE PERSONA
Nombre de persona II. Coss F., Martha E. de
9 (RLIN) 163899
901 ## - ELEMENTOS DE DATOS A LOCAL LDA (RLIN)
a PA FOLLETO 47
902 ## - ELEMENTOS DE DATOS B LOCAL, LDB (RLIN)
a A
905 ## - ELEMENTOS DE DATOS E LOCAL, LDE (RLIN)
a 0000071977 Tap 0000000000 00
910 ## - DATOS DE OPCIÓN DEL USUARIO (OCLC)
Datos de opción del usuario 1977
942 ## - ELEMENTOS DE PUNTO DE ACCESO ADICIONAL (KOHA)
Tipo de ítem Koha Parasitologia_
942 ## - ELEMENTOS DE PUNTO DE ACCESO ADICIONAL (KOHA)
Tipo de ítem Koha Parasitologia_
-- 1
Holdings
Estado de retiro Estado de pérdida Fuente del sistema de clasificación o colocación Estado dañado No para préstamo Código de colección Localización permanente Ubicación/localización actual Ubicación en estantería Fecha de adquisición Información codificada de la localización en otra ubicación Total de préstamos Código de barras Fecha visto por última vez Número de copia Precio válido a partir de Tipo de ítem Koha Nota pública
    Clasificación Universidad Autónoma de Chapingo     Folletos Parasitologia Agricola Parasitologia Agricola   27/10/2005 PARA   PA_2046 25/01/2022 1 25/01/2022 Folleto 3